Entrada Nombre geográfico
Número de registros utilizados en: 1
001 - NÚMERO DE CONTROL
003 - IDENTIFICADOR DEL NÚMERO DE CONTROL
- campo de control:
DR-UNIBE
005 - FECHA Y HORA DE LA ÚLTIMA TRANSACCIÓN
- campo de control:
20260119155912.0
008 - DATOS DE LONGITUD FIJA
- campo de control de longitud fija:
260119|| aca||aabn | a|a d
040 ## - FUENTE DE LA CATALOGACIÓN
- Centro catalogador/agencia de origen:
DR-UNIBE
- Centro/agencia transcriptor:
DR-UNIBE
151 ## - ENCABEZAMIENTO--NOMBRE GEOGRÁFICO
- Nombre geográfico:
Europa
- Subdivisión geográfica:
Relaciones exteriores
- Subdivisión geográfica:
Historia
- Subdivisión geográfica:
Siglo xvi
- Subdivisión geográfica:
Siglo xix
670 ## - FUENTE DE DATOS ENCONTRADOS
- Cita de la fuente:
Work cat.: (DR-UNIBE)25340: Muñoz, María Elena 48009 autor, La política internacional europea y sus efectos en la isla de Santo Domingo, siglos XVI-XIX / , 2008